| 000 | 00559nam a22001577a 4500 | ||
|---|---|---|---|
| 999 |
_c534903 _d534903 |
||
| 020 | _qHard Cover. | ||
| 082 | _a620.1 | ||
| 100 | _aAsghar, Eram | ||
| 245 |
_aINTEGRATED FRAMEWORK FOR RECONFIGURABLE AND FLEXIBLE MANUFACTURING SYSTEMS USING OPTIMAL MACHINE CAPABILITIES / _cEram Asghar. |
||
| 260 |
_aIslamabad : _bCEME - NUST, _c2014. |
||
| 300 |
_ax, 77 p. : ill. ; _c30cm. |
||
| 942 |
_2ddc _cTHE |
||
| 650 |
_aMS Thesis Mechanical Engineering. _925724 |
||
| 700 |
_aDr. Aamer Ahmed Baaqai. _929317 |
||